আমার জীবন আমার অভিজ্ঞতা: (Record no. 30988)

MARC details
000 -LEADER
fixed length control field 00914nam a22002177a 4500
003 - CONTROL NUMBER IDENTIFIER
control field BDDh-ASL
005 - DATE AND TIME OF LATEST TRANSACTION
control field 20231016062620.0
008 - FIXED-LENGTH DATA ELEMENTS--GENERAL INFORMATION
fixed length control field 201028s2008 b ||||| |||| 00| 0 b d
040 ## - CATALOGING SOURCE
Original cataloging agency BDDh-ASL
Transcribing agency BDDh-ASL
041 ## - LANGUAGE CODE
Language code of text/sound track or separate title ben
082 ## - DEWEY DECIMAL CLASSIFICATION NUMBER
Classification number 920.71
Item number RAA
100 1# - MAIN ENTRY--PERSONAL NAME
Personal name ইউসুফ, মনিরউদ্দীন
9 (RLIN) 2214
245 10 - TITLE STATEMENT
Title আমার জীবন আমার অভিজ্ঞতা:
Remainder of title [আত্মজীবনী] /
246 ## - VARYING FORM OF TITLE
Title proper/short title Amar Jiban Amar Obhigatya.
260 ## - PUBLICATION, DISTRIBUTION, ETC.
Place of publication, distribution, etc. ঢাকা:
Name of publisher, distributor, etc. কালান্তর প্রকাশনী,
Date of publication, distribution, etc. ১৯৯২।
300 ## - PHYSICAL DESCRIPTION
Extent ২০৪ পৃষ্ঠা :
Dimensions ২২ সে. মি.
Other physical details ছবি; ম্যাপ;
600 10 - SUBJECT ADDED ENTRY--PERSONAL NAME
Personal name ইউসুফ, মনিরউদ্দীন
9 (RLIN) 2214
650 #0 - SUBJECT ADDED ENTRY--TOPICAL TERM
Topical term or geographic name entry element biographical dictionary - চরিতাভিধান
9 (RLIN) 4665
650 #0 - SUBJECT ADDED ENTRY--TOPICAL TERM
9 (RLIN) 4948
Topical term or geographic name entry element Autobiography (আত্মজীবনী)
942 ## - ADDED ENTRY ELEMENTS (KOHA)
Source of classification or shelving scheme Dewey Decimal Classification
Koha item type Books
Holdings
Withdrawn status Lost status Source of classification or shelving scheme Damaged status Not for loan Collection code Home library Current library Shelving location Date acquired Source of acquisition Total Checkouts Full call number Barcode Date last seen Copy number Price effective from Koha item type
    Dewey Decimal Classification     Non-fiction Asiatic Society Library Asiatic Society Library Wakil Ahmed Collection 03/11/2023 Donated by Professor Wakil Ahmed   920.71 RAA 119556 03/11/2023 C-1 03/11/2023 Books

Powered by Koha